Clinical management of shock, surgical and medical / (Record no. 42662)
[ view plain ]
| 000 -LEADER | |
|---|---|
| fixed length control field | 01205cam0a220025300 4500 |
| 001 - CONTROL NUMBER | |
| control field | lce00643736 |
| 008 - FIXED-LENGTH DATA ELEMENTS--GENERAL INFORMATION | |
| fixed length control field | 681114s1968 ilua b 001 0 eng |
| 010 ## - LIBRARY OF CONGRESS CONTROL NUMBER | |
| LC control number | 68018295 |
| 035 ## - SYSTEM CONTROL NUMBER | |
| System control number | (Sirsi) r67036 |
| 035 ## - SYSTEM CONTROL NUMBER | |
| System control number | (DLC) 68018295 |
| 035 ## - SYSTEM CONTROL NUMBER | |
| System control number | (UPRA)lce00643736 |
| 040 ## - CATALOGING SOURCE | |
| Modifying agency | UPRA |
| 050 0# - LIBRARY OF CONGRESS CALL NUMBER | |
| Classification number | RB150.S5 |
| Item number | H3 |
| 082 ## - DEWEY DECIMAL CLASSIFICATION NUMBER | |
| Classification number | 617/.21 |
| 100 1# - MAIN ENTRY--PERSONAL NAME | |
| Personal name | Hardaway, Robert M. |
| Linkage | A27645.1 |
| 245 10 - TITLE STATEMENT | |
| Title | Clinical management of shock, surgical and medical / |
| Statement of responsibility, etc. | by Robert M. Hardaway, III. With a foreword by Francis D. Moore. |
| 260 ## - PUBLICATION, DISTRIBUTION, ETC. | |
| Place of publication, distribution, etc. | Springfield, IL : |
| Name of publisher, distributor, etc. | C.C. Thomas, |
| Date of publication, distribution, etc. | [1968] |
| 500 ## - GENERAL NOTE | |
| General note | "Based primarily on laboratory and clinical studies made by the Division of Surgery of the Walter Reed Army Institute of Research over the past seven years." |
| 504 ## - BIBLIOGRAPHY, ETC. NOTE | |
| Bibliography, etc. note | Bibliography: p. 557-581. |
| 650 #0 - SUBJECT ADDED ENTRY--TOPICAL TERM | |
| Topical term or geographic name entry element | Shock. |
| Linkage | S20000.1 |
| 710 1# - ADDED ENTRY--CORPORATE NAME | |
| Corporate name or jurisdiction name as entry element | United States. Walter Reed Army Institute of Research, Washington, D.C. Division of Surgery. |
| Subordinate unit | United States. Walter Reed Army Institute of Research, Washington, D.C. Division of Surgery. |
| -- | United States. Walter Reed Army Institute of Research, Washington, D.C. Division of Surgery. |
| Linkage | A27646.1 |
| 949 ## - LOCAL PROCESSING INFORMATION (OCLC) | |
| a | RB150.S5 |
| w | LC |
| i | -89719 |
| m | MEDICAL |
| t | BOOK |
| l | ON-SHELF |
| Withdrawn status | Lost status | Source of classification or shelving scheme | Damaged status | Not for loan | Home library | Current library | Shelving location | Total Checkouts | Full call number | Barcode | Date last seen | Copy number | Price effective from | Koha item type |
|---|---|---|---|---|---|---|---|---|---|---|---|---|---|---|
| Library of Congress Classification | Medical Library | Medical Library | On Shelf | RB150.S5 | -89719 | 08/13/2019 | 1 | 08/13/2019 | Book |